00457ntaaa2200169 45000030003000000050017000030080021000200400037000410820017000781000019000952450051001142500010001652600041001753000010002166500032002266500029002580120251027202412.00714s1973 ag 01  aAR-BaBNbspacAR-BaBNeaacrdRIC a286.0900 B69 aBoyd, Jesse L  aA history of baptists in America prior to 1845 a1 ed. aNew York : bAmerican Press, cc1957 a205 p abautistas en Norteamérica aNorteamérica-Bautistas